| 000 -LEADER |
| fixed length control field |
01040nam a22000977a 4500 |
| 008 - FIXED-LENGTH DATA ELEMENTS--GENERAL INFORMATION |
| fixed length control field |
171127b xxu||||| |||| 00| 0 eng d |
| 100 ## - MAIN ENTRY--AUTHOR'S NAME |
| Author's Name |
Patton, Donald |
| 245 ## - TITLE STATEMENT |
| Title |
Farthing delivery |
| Remainder of title |
fight for cheaper postage |
| 260 ## - PUBLICATION, DISTRIBUTION, ETC. (IMPRINT) |
| Place of publication, distribution, etc. |
London |
| Name of publisher, distributor, etc. |
Lowe & Brydone |
| Date of publication, distribution, etc. |
1960 |
| 650 ## - TOPICAL TERM (Tag) |
| Topical term or geographic name |
Great Britain | Scotland | England | Circular Delivery Mail | Locals and Private Posts | Cinderella Material | Postal History | Covers | Postal Markings | 19th Century | Edinburgh & Leith Circular Delivery Co. | Edinburgh & Leith Parcels Delivery Co. | Brydone, James E.N. (James Edward Nixon), 1810-1869 | London Circular Delivery Co. | Metropolitan Circular Delivery Co. | London & Metropolitan Circular Delivery Co. | Brydone, Robert, 1832-1874 | Eyre, Manuel | Circular Delivery Co. Ltd. | London & District Circular Delivery Co. | National Circular Delivery Co. | Aberdeen, Dundee and Liverpool Circular Delivery Companies. | Glasgow Circular Delivery Co. | Forgeries and Counterfeits | Laws and Legal Cases | Transportation of Mail | Postal Rates | Printers | Brydone Family |